000 00781nac a22002537a 4500
001 BR8404471
003 BR-BrBNA
005 20240105120152.0
008 230509b bl.|||m| |||| 00| 0 por d
040 _aBR-BrBNA
_bpor
_cBiblioteca Nacional de Agricultura
072 _aF04
090 _a3830 BR8404471
100 1 _aRaij, B. van
110 1 _aInstituto da Potassa e Fosfato, Piracicaba, SP (Brasil)
_95965
245 1 _aFertilizantes fosfatado e uso
260 3 _aPiracicaba, SP (Brasil):
_c1984.
300 _a8 p.
490 _aInformacoes Agronomicas - Instituto da Potassa e Fosfato (Brazil)
_vno. 26
_x
500 _a10 ref.
650 _aFERTILIZANTE FOSFATADO
650 _aCALAGEM
909 _a202312
_bLúcia Elande
_c55
_dLúcia Elande
942 _2AGRIS
_n0
_cMS
999 _c278182
_d278182